<?xml version="1.0" encoding="UTF-8"?>
<record
    xmlns:xsi="http://www.w3.org/2001/XMLSchema-instance"
    xsi:schemaLocation="http://www.loc.gov/MARC21/slim http://www.loc.gov/standards/marcxml/schema/MARC21slim.xsd"
    xmlns="http://www.loc.gov/MARC21/slim">

  <leader>03996nam a22003378i 4500</leader>
  <controlfield tag="001">14238173</controlfield>
  <controlfield tag="005">20250828100254.0</controlfield>
  <controlfield tag="006">m        d        </controlfield>
  <controlfield tag="007">cr  n         </controlfield>
  <controlfield tag="008">241121s2025    enk     ob    000 0 eng d</controlfield>
  <datafield tag="020" ind1=" " ind2=" ">
    <subfield code="a">9781350384675</subfield>
  </datafield>
  <datafield tag="020" ind1=" " ind2=" ">
    <subfield code="z">9781350384682</subfield>
  </datafield>
  <datafield tag="035" ind1=" " ind2=" ">
    <subfield code="a">(WaSeSS)ssib060509606</subfield>
  </datafield>
  <datafield tag="040" ind1=" " ind2=" ">
    <subfield code="a">DLC</subfield>
    <subfield code="b">eng</subfield>
    <subfield code="c">DLC</subfield>
    <subfield code="d">WaSeSS</subfield>
  </datafield>
  <datafield tag="041" ind1=" " ind2=" ">
    <subfield code="a">English</subfield>
  </datafield>
  <datafield tag="042" ind1=" " ind2=" ">
    <subfield code="a">pcc</subfield>
  </datafield>
  <datafield tag="043" ind1=" " ind2=" ">
    <subfield code="a">e-uk---</subfield>
  </datafield>
  <datafield tag="050" ind1="0" ind2="0">
    <subfield code="a">HF5415.1255</subfield>
    <subfield code="b">.P74 2025</subfield>
  </datafield>
  <datafield tag="100" ind1=" " ind2=" ">
    <subfield code="a">Preston, David</subfield>
    <subfield code="c">(Lecturer on graphic design)</subfield>
  </datafield>
  <datafield tag="245" ind1="1" ind2="4">
    <subfield code="a">The development of corporate design </subfield>
    <subfield code="b">: brand identity, graphic design and professionalism in post-war Britain </subfield>
    <subfield code="c">/ David Preston.</subfield>
  </datafield>
  <datafield tag="264" ind1=" " ind2="1">
    <subfield code="a">London ;</subfield>
    <subfield code="a">New York :</subfield>
    <subfield code="b">Bloomsbury Visual Arts,</subfield>
    <subfield code="c">2025.</subfield>
  </datafield>
  <datafield tag="500" ind1=" " ind2=" ">
    <subfield code="a"> </subfield>
  </datafield>
  <datafield tag="504" ind1=" " ind2=" ">
    <subfield code="a">Includes bibliographical references.</subfield>
  </datafield>
  <datafield tag="505" ind1=" " ind2=" ">
    <subfield code="a">A macro history of corporate branding &#x2014; Overarching tropes in the treatment of corporate branding &#x2014; The history of corporate branding as a programmatic endeavor &#x2014; An introduction to corporate brand systems in Britain &#x2014; The 'end of the ideas poster' and the emergence of corporate brand systems &#x2014; Locating corporate brand systems in the post-war socio-economic context &#x2014; The developing discourse of corporate branding in Britain &#x2014; The coordinated brand: The practical rationality of Hans Schleger &amp; Associates &#x2014; The development of Hans Schleger &amp; Associates &#x2014; Defining the role of the trademark &#x2014; Control systems at Hans Schleger and Associates &#x2014; Reconfiguring brand practice: The systematic methods of Henrion Design Associates &#x2014; The development of Henrion Design Associates &#x2014; 'Systematic methods in design co-ordination' &#x2014; The 'collective enabling enterprise' of design coordination as mapping &#x2014; Setting brand standards: Design Research Unit and the design manual as an instrument of control &#x2014; The development of the Design Research Unit &#x2014; Evolving instruments of control: from recommendations to standards.</subfield>
  </datafield>
  <datafield tag="520" ind1=" " ind2=" ">
    <subfield code="a">Chronicling the emergence of brand consultancy, this book explores how the development and proliferation of brand identity systems transformed the working methods and ideals of practicing graphic designers working in post-war Britain.

Practitioners in Britain were at the forefront of efforts to transform corporate identity design into a recognised practice with its own codified methods. Focussing particularly on the British experience, the book also draws on the influences and developments in this formative era in other countries, including the US and Germany. During this period designers were struggling with two conflicting paradigms - the socially motivated, free spirited artist-designer and the design entrepreneur as corporate agent.

David Preston uses three key design agencies as the springboard to explore this foundational period in the history of graphic design labour practices - the practical rationality of Hans Schleger &amp; Associates, the systematic methods of Henrion Design Associates and the Design Research Unit and their design manual as an instrument of control. These design agencies created some of the most striking and successful brand identities of the era - the KLM logo, the British Rail double arrow, the John Lewis branding of the 1960s, Glenfiddich's iconic triangular bottle, the Post Office's house style, the National Theatre logo and many more. The case studies look at the power at play, how branding became systematic, the struggle between motives and standards, and draws on first-hand interviews with key actors and archival material.

A valuable contribution to our understanding of British post-war graphic design and the history of branding.</subfield>
    <subfield code="c">Provided by publisher.</subfield>
  </datafield>
  <datafield tag="650" ind1=" " ind2="0">
    <subfield code="a">Branding (Marketing)</subfield>
    <subfield code="z">Great Britain</subfield>
    <subfield code="x">History</subfield>
    <subfield code="y">20th century.</subfield>
  </datafield>
  <datafield tag="650" ind1=" " ind2="0">
    <subfield code="a">Graphic design (Typography)</subfield>
    <subfield code="z">Great Britain</subfield>
    <subfield code="x">History</subfield>
    <subfield code="y">20th century.</subfield>
  </datafield>
  <datafield tag="651" ind1=" " ind2="0">
    <subfield code="a">Great Britain</subfield>
    <subfield code="x">History</subfield>
    <subfield code="y">Elizabeth II, 1952-2022.</subfield>
  </datafield>
  <datafield tag="710" ind1="2" ind2=" ">
    <subfield code="a">Bloomsbury Collections: All Titles</subfield>
  </datafield>
  <datafield tag="942" ind1=" " ind2=" ">
    <subfield code="2">lcc</subfield>
  </datafield>
  <datafield tag="952" ind1=" " ind2=" ">
    <subfield code="0">0</subfield>
    <subfield code="1">0</subfield>
    <subfield code="2">lcc</subfield>
    <subfield code="4">0</subfield>
    <subfield code="7">0</subfield>
    <subfield code="a">TBS</subfield>
    <subfield code="b">TBS</subfield>
    <subfield code="d">2025-08-28</subfield>
    <subfield code="l">0</subfield>
    <subfield code="o">HF5415.1255 PRE</subfield>
    <subfield code="r">2025-08-28</subfield>
    <subfield code="t">1</subfield>
    <subfield code="w">2025-08-28</subfield>
    <subfield code="y">1</subfield>
    <subfield code="z">SOON AVAILABLE</subfield>
  </datafield>
  <datafield tag="999" ind1=" " ind2=" ">
    <subfield code="c">4896</subfield>
    <subfield code="d">4896</subfield>
  </datafield>
</record>
